Dr. S. R. Lasker Library Online Catalogue

Home      Library Home      Institutional Repository      E-Resources      MyAthens      EWU Home

Operations research : (Record no. 7341)

MARC details
000 -LEADER
fixed length control field 01047nam a2200325 a 4500
001 - CONTROL NUMBER
control field 7341
003 - CONTROL NUMBER IDENTIFIER
control field BD-DhEWU
005 - DATE AND TIME OF LATEST TRANSACTION
control field 20170110122347.0
008 - FIXED-LENGTH DATA ELEMENTS--GENERAL INFORMATION
fixed length control field 140129s2011 maua g b 001 0 eng d
020 ## - INTERNATIONAL STANDARD BOOK NUMBER
International Standard Book Number 9780131391994 (pbk.)
International Standard Book Number 0131391992 (pbk.)
International Standard Book Number 9788131785942
035 ## - SYSTEM CONTROL NUMBER
System control number (OCoLC)671707178
040 ## - CATALOGING SOURCE
Original cataloging agency StEdALDL
Transcribing agency StEdALDL
Language of cataloging eng
Modifying agency BD-DhEWU
041 ## - LANGUAGE CODE
Language code of text/sound track or separate title eng
082 04 - DEWEY DECIMAL CLASSIFICATION NUMBER
Classification number 658.5
Item number TAO 2012
100 1# - MAIN ENTRY--PERSONAL NAME
Personal name Taha, Hamdy A.
9 (RLIN) 2743
245 10 - TITLE STATEMENT
Title Operations research :
Remainder of title an introduction /
Statement of responsibility, etc Hamdy A. Taha.
250 ## - EDITION STATEMENT
Edition statement 9th ed., International ed.
260 ## - PUBLICATION, DISTRIBUTION, ETC. (IMPRINT)
Place of publication, distribution, etc Boston, Mass. ;
-- London :
Name of publisher, distributor, etc Pearson,
Date of publication, distribution, etc c2012.
300 ## - PHYSICAL DESCRIPTION
Extent 824 p. :
Other physical details ill. ;
Dimensions 24 cm.
504 ## - BIBLIOGRAPHY, ETC. NOTE
Bibliography, etc Includes bibliographical references and index.
526 ## - STUDY PROGRAM INFORMATION NOTE
Program name AS
590 ## - LOCAL NOTE (RLIN)
Local note Tahur Ahmed
650 #0 - SUBJECT ADDED ENTRY--TOPICAL TERM
Topical term or geographic name as entry element Operations research.
9 (RLIN) 2728
Topical term or geographic name as entry element Mathematical models.
9 (RLIN) 3378
856 ## - ELECTRONIC LOCATION AND ACCESS
Materials specified WorldCat details
Uniform Resource Identifier http://www.worldcat.org/title/operations-research-an-introduction/oclc/671707178&referer=brief_results
942 ## - ADDED ENTRY ELEMENTS (KOHA)
Source of classification or shelving scheme Dewey Decimal Classification
Koha item type Text
Koha issues (borrowed), all copies 4
Holdings
Withdrawn status Lost status Source of classification or shelving scheme Damaged status Not for loan Collection code Home library Current library Shelving location Date acquired Source of acquisition Cost, normal purchase price Total Checkouts Full call number Barcode Date last seen Date checked out Copy number Price effective from Koha item type Total Renewals
    Dewey Decimal Classification   Not For Loan Non-fiction Dr. S. R. Lasker Library, EWU Dr. S. R. Lasker Library, EWU Reserve Section 29/01/2014 Trim Education 882.00 1 658.5 TAO 2012 25705 25/08/2015 25/08/2015 C-1 02/02/2014 Text  
    Dewey Decimal Classification   Not For Loan Non-fiction Dr. S. R. Lasker Library, EWU Dr. S. R. Lasker Library, EWU Reserve Section 29/01/2014 Trim Education 882.00   658.5 TAO 2012 25706 02/02/2014   C-2 02/02/2014 Text  
    Dewey Decimal Classification   Not For Loan Non-fiction Dr. S. R. Lasker Library, EWU Dr. S. R. Lasker Library, EWU Reserve Section 29/01/2014 Trim Education 882.00 2 658.5 TAO 2012 25707 03/01/2017 19/12/2016 C-3 02/02/2014 Text  
    Dewey Decimal Classification     Non-fiction Dr. S. R. Lasker Library, EWU Dr. S. R. Lasker Library, EWU Circulation Section 29/01/2014 Trim Education 882.00 1 658.5 TAO 2012 25708 13/08/2016 07/08/2016 C-4 02/02/2014 Text  
    Dewey Decimal Classification     Non-fiction Dr. S. R. Lasker Library, EWU Dr. S. R. Lasker Library, EWU Circulation Section 28/12/2013 Trim Education 860.00   658.5 TAO 2012 25593 22/12/2014   C-5 22/12/2014 Text  
    Dewey Decimal Classification     Non-fiction Dr. S. R. Lasker Library, EWU Dr. S. R. Lasker Library, EWU Circulation Section 28/12/2013 Trim Education 860.00   658.5 TAO 2012 25594 22/12/2014   C-6 22/12/2014 Text